ห้องสมุด วิทยาลัยพยาบาลบรมราชชนนี อุดรธานี
Boromarajonani College of Nursing, Udonthani
เปลี่ยนเป็นภาษาไทย

Change to English
 แสดงรายละเอียดบรรณานุกรม
  กลับหน้าหลัก

Brief Record : Get Marc (ISO 2709) : E-mail record : QR code ปิดหน้าต่าง
หนังสืออ้างอิง : เกี่ยวกับ Collections
mysqli: Table './ulib2015/stat_globaluid' is marked as crashed and last (automatic?) repair failed
select id from stat_globaluid where statuid='20260419142610_2909' 
mysqli: Table './ulib2015/stat_globaluid' is marked as crashed and last (automatic?) repair failed
DELETE FROM stat_globaluid
			WHERE id NOT IN (
			  SELECT id
			  FROM (
				SELECT id
				FROM stat_globaluid
				ORDER BY id DESC
				LIMIT 100
			  ) foo
			); 
mysqli: Table './ulib2015/stat_globaluid' is marked as crashed and last (automatic?) repair failed
insert into stat_globaluid set
		statuid='20260419142610_2909',
		dt='1776583570',
		phpself='/ULIB/dublinfull.php',
		agent='Mozilla/5.0 AppleWebKit/537.36 (KHTML, like Gecko; compatible; ClaudeBot/1.0; +claudebot@anthropic.com)',
		yea='2026',
		mon='4',
		dat='19',
		ip='216.73.216.142'
		
		
LEADER 00674nam 2200229 a 4500
001    12015
003     ULIBM
008    010811s2525 th m a001 0 tha d
050  4 ^aWA900^bส639ผ 2525
245 10 ^aผลการปฏิบัติงานของกองสาธารณสุขภูมิภาคประจำปีงบประมาณ 2525/^cสำนักงานปลัดกระทรวงสาธารณสุข
250    ^aพิมพ์ครั้งที่ 1.
260    ^aกรุงเทพฯ:^bสำนักข่าวพาณิชย์,^c2525
300    ^a 66 หน้า.
650  7 ^aผลการปฏิบัติงาน--งบประมาณปี 2525
945    ^p0^l0^i856
945    ^p0^l0^i857
999     ^aลิขิตลักษณ์
รายการนี้ยังไม่มีแท็ก
คุณยังไม่ได้ล็อกอิน คุณสามารถมีกิจกรรมร่วมกับเว็บไซต์ได้ แต่ต้องล็อกอินก่อน ::
  ล็อกอิน
ลำดับที่ ประเภท เลขเรียก/บาร์โค้ด สถานที่ สถานะ
1. หนังสือการพยาบาล
หนังสือการพยาบาล
WA900 ส639ผ 2525  
  Barcode: 856
หนังสือทั่วไป On Shelf
2. หนังสือการพยาบาล
หนังสือการพยาบาล
WA900 ส639ผ 2525 ฉ.2 
  Barcode: 857
หนังสือทั่วไป On Shelf
   [แสดง 2/2 รายการ]

mysqli: Can't create/write to file '/var/tmp/#sql_59d_0.MAI' (Errcode: 2)
select * from index_db where titl like '%ผลการปฏิบัติงานของกองสาธารณสุขภูมิภาคประจำปีงบประมาณ 2525/ สำนักงานปลัดกระทรวงสาธารณสุข%' and mid<>'12015'  order by rand() limit 3
mysqli: Can't create/write to file '/var/tmp/#sql_59d_0.MAI' (Errcode: 2)
select * from index_db where subj like '%ผลการปฏิบัติงาน--งบประมาณปี 2525%' and mid<>'12015'  order by rand() limit 3

BibComment


ยังไม่เคยถูกคอมเมนท์

คอมเมนท์ทรัพยากรรายการนี้
  คอมเมนท์: ผลการปฏิบัติงานข..
Bib 12015

 
 
 

 Union Library Management : ULibM
Copyright 2026. All Rights Reserved.